Revitalizácia bývania - Petržalka City

Na minha lista:
Detalhes bibliográficos
Autor principal: Bojdová, Zuzana (Author)
Outros Autores: Nádaská, Zuzana (Thesis advisor)
Formato: Manuscrito Livro
Idioma:eslovaco
Publicado em: 2015
Assuntos:
Acesso em linha:http://is.stuba.sk/zp/portal_zp.pl?podrobnosti=109748
https://opac.crzp.sk/?fn=detailBiblioForm&sid=78283B71680DBAF21B47D11D22D4
Tags: Adicionar Tag
Sem tags, seja o primeiro a adicionar uma tag!

MARC

LEADER 00000ntm a22000003a 4500
001 stuzp50056
003 SK-STU
005 20231011084947.0
007 ta
008 150427s2015----xo-----f-mn---000-0-slo-d
040 |a STU  |b slo 
041 0 |a slo 
100 1 |a Bojdová, Zuzana  |u 010310  |4 aut  |U SvF Stavebná fakulta  |T SvF Katedra architektúry  |X 66798  |U V181|V310  |Y 19  |7 A000066798 
242 0 1 |a Revitalisation of housing -Petržalka City  |y eng 
245 1 0 |a Revitalizácia bývania - Petržalka City 
260 |c 2015 
650 4 |a panelový bytový dom  |2 slo 
650 4 |a revitalizácia  |2 slo 
650 4 |a verejný priestor  |2 slo 
650 4 |a revitalisation  |2 eng 
650 4 |a public space  |2 eng 
650 4 |a panel apartment house  |2 eng 
700 1 |a Nádaská, Zuzana  |4 ths  |X 790  |7 A000000790 
856 4 |u http://is.stuba.sk/zp/portal_zp.pl?podrobnosti=109748 
856 4 |u https://opac.crzp.sk/?fn=detailBiblioForm&sid=78283B71680DBAF21B47D11D22D4 
SQL |a stuzp50056  |b DDP  |c SLO  |d Revitalizácia bývania - Petržalka City  |e 66798  |f Bojdová, Zuzana  |g 010310  |h 790  |i Nádaská, Zuzana  |j 20150617  |k 19  |l 01  |m http://is.stuba.sk/zp/portal_zp.pl?podrobnosti=109748  |n I-PSA  |o 5.1.4. pozemné stavby, 5.1.1. architektúra a urbanizmus